MARC details
| 000 -CABECERA |
| campo de control de longitud fija |
00954nam a2200289 a 4500 |
| 005 - FECHA Y HORA DE LA ÚLTIMA TRANSACCIÓN |
| campo de control |
20220911202528.0 |
| 008 - ELEMENTOS DE LONGITUD FIJA--INFORMACIÓN GENERAL |
| campo de control de longitud fija |
060629s2004 mx r 000 0 spa d |
| 020 ## - NÚMERO INTERNACIONAL NORMALIZADO PARA LIBROS |
| Número Internacional Estándar del Libro |
9700748677 |
| 035 ## - NÚMERO DE CONTROL DEL SISTEMA |
| Número de control de sistema |
UPN01000145562 |
| 040 ## - FUENTE DE LA CATALOGACIÓN |
| Centro catalogador/agencia de origen |
UPN |
| Lengua de catalogación |
spa |
| Centro/agencia transcriptor |
UPN |
| 049 ## - COLECCIÓN |
| Colección |
I |
| 050 #4 - SIGNATURA TOPOGRÁFICA DE LA BIBLIOTECA DEL CONGRESO |
| Número de clasificación |
PZ73 |
| Número de documento/Ítem |
M3.2 2004 |
| 100 1# - ASIENTO PRINCIPAL--NOMBRE PERSONAL |
| Nombre de persona |
Marshall, Henrietta Elizabeth, |
| Fechas asociadas al nombre |
1876-1941 |
| 245 13 - MENCIÓN DE TÍTULO |
| Título |
La cabaña del tío Tom / |
| Mención de responsabilidad, etc. |
relatada a los niños por H. E. Marshall. |
| 250 ## - MENCIÓN DE EDICIÓN |
| Mención de edición |
4a ed. |
| 260 ## - PUBLICACIÓN, DISTRIBUCIÓN, ETC. |
| Lugar de publicación, distribución, etc. |
México : |
| Nombre del editor, distribuidor, etc. |
Porrúa, |
| Fecha de publicación, distribución, etc. |
2004. |
| 300 ## - DESCRIPCIÓN FÍSICA |
| Extensión |
103 p., [8] p. de láms. : |
| Otras características físicas |
il. col. |
| 440 #0 - MENCIÓN DE SERIE/ASIENTO SECUNDARIO--TÍTULO |
| Título |
Biblioteca juvenil Porrúa ; |
| Nombre de parte o sección de la obra |
50 |
| 500 ## - NOTA GENERAL |
| Nota general |
Adaptada de la obra de Harriet Beecher Stowe |
| 600 00 - ASIENTO SECUNDARIO DE MATERIA - NOMBRE PERSONAL |
| Nombre de persona |
Tío Tom |
| Títulos y otros términos asociados al nombre |
(Personaje ficticio) |
| 9 (RLIN) |
46272 |
| 650 #0 - ASIENTO SECUNDARIO DE MATERIA - TERMINO TEMATICO |
| Término de materia o nombre geográfico como elemento de entrada |
Esclavitud |
| Subdivisión de forma |
Novela |
| 9 (RLIN) |
4342 |
| 650 #4 - ASIENTO SECUNDARIO DE MATERIA - TERMINO TEMATICO |
| Término de materia o nombre geográfico como elemento de entrada |
AFROAMERICANOS - |
| Subdivisión de forma |
NOVELA |
| 9 (RLIN) |
4341 |
| 700 1# - ASIENTO SECUNDARIO--NOMBRE DE PERSONAL |
| Nombre de persona |
Stowe, Harriet Elizabeth Beecher, |
| Fechas asociadas al nombre |
1811-1896 |
| 9 (RLIN) |
30276 |
| 905 ## - TIPO DE MATERIAL |
| Tipo de material |
Infantil |
| 942 ## - ELEMENTOS DE PUNTO DE ACCESO ADICIONAL (KOHA) |
| Fuente del sistema de clasificación o colocación |
Library of Congress Classification |
| Tipo de ítem Koha |
Libro |